00656nam a22001937a 4500003000900000008004100009020000900050040007100059082001800130100002700148245004900175260003600224300002600260505009700286650002300383650001300406650002500419650001800444AR-CdUCM190301b ||||| |||| 00| 0 esp d aISBN aMUNICIPALIDAD PROVINCIAL DEL CUSCOcBIBLIOTECA MUNICIPAL DEL CUSCO a869.5 /bT153 aTamayo Vargas, Augusto aLiteratura peruana /cAugusto Tamayo Vargas. aLima :bDomingo Miranda,c1953. a338 paginas ;c25 cm. aEl medio y el habitante -- Literatura quechua -- Literatura de la conquista y el virreynato. aLiteratura peruana aCantares aLiteratura dramatica aLos cronistas